| 000 | 00479nam a22001697a 4500 | ||
|---|---|---|---|
| 999 |
_c264473 _d264472 |
||
| 003 | OSt | ||
| 005 | 20240906115239.0 | ||
| 008 | 240906b xxu||||| |||| 00| 0 eng d | ||
| 020 | _a9280311599 | ||
| 040 | _cRU | ||
| 050 |
_aLB2822.75 _b.C37 1996 |
||
| 110 | _a UNESCO IIEP | ||
| 245 |
_aThe Quality of primary schools in different development contexts _c Carron, Gabriel ; Ta Ngoc Châu |
||
| 260 |
_aParis, France _bUNESCO IIEP _c1996 |
||
| 300 | _a306 p. | ||
| 942 |
_2lcc _cJN |
||